<?xml version="1.0" encoding="UTF-8"?>
<collection xmlns="http://www.loc.gov/MARC21/slim">
 <record>
  <leader>     na                 </leader>
  <controlfield tag="001">INLIS000000000001741</controlfield>
  <controlfield tag="005">20220511053429</controlfield>
  <datafield tag="035" ind1=" " ind2=" ">
   <subfield code="a">0010-0522000322</subfield>
  </datafield>
  <controlfield tag="007">ta</controlfield>
  <controlfield tag="008">220511                g          0 ind  </controlfield>
  <datafield tag="082" ind1=" " ind2=" ">
   <subfield code="a">639.31</subfield>
  </datafield>
  <datafield tag="084" ind1=" " ind2=" ">
   <subfield code="a">639.31 TIM b</subfield>
  </datafield>
  <datafield tag="100" ind1="0" ind2=" ">
   <subfield code="a">Tim Aksara</subfield>
  </datafield>
  <datafield tag="245" ind1="1" ind2=" ">
   <subfield code="a">BUDIDAYA IKAN GURAME /</subfield>
   <subfield code="c">Tim Aksara; editor, H. Nonci</subfield>
  </datafield>
  <datafield tag="260" ind1=" " ind2=" ">
   <subfield code="a">Makassar :</subfield>
   <subfield code="b">CV. Aksara,</subfield>
   <subfield code="c">[s.a.]</subfield>
  </datafield>
  <datafield tag="300" ind1=" " ind2=" ">
   <subfield code="a">vi, 50 hlm.</subfield>
  </datafield>
  <datafield tag="650" ind1=" " ind2="4">
   <subfield code="a">budidaya - ikan gurame</subfield>
  </datafield>
  <datafield tag="700" ind1="0" ind2=" ">
   <subfield code="a">H. Nonci (editor)</subfield>
  </datafield>
  <datafield tag="990" ind1=" " ind2=" ">
   <subfield code="a">190127</subfield>
  </datafield>
 </record>
</collection>
